01993 2200505 4500001002100000005001500021035002000036008004100056020001800097041000800115082001300123084001900136100002200155245012500177260003400302300002900336500002300365504001400388520050700402650002200909990002500931990002500956990001900981990001801000990002601018990002601044990002601070990002501096990002501121990001901146990001801165990002601183990002601209990002501235990002501260990001901285990001801304990002601322990002501348990002501373990001901398990001801417990002601435990002601461INLIS00000000000256020221112020529 a0010-0520002560221112 | | eng  a9780495092629 aeng a808. 042 a808. 042 BAG w0 aBaglione, Lisa A.1 aWriting a Research Paper in Political Science : a Practical Guide to Inquiry, Structure, and Methods /cLisa A. Baglione aAustralia :bWadsworth,c2007 axii, 184p.; 22cm ;c22cm aIndeks : p.181-184 ap.177-180 aThe purpose of this book is to fill a major void in the literature on research and writing in Political Science. It provide students with an understanding and appreciation for the logic of inquiry and social science methodology and further develop written communication skills - but it also does more. Its aims are to teach students what a research paper contains and how to write one well. To achieve these goals, this book has to teach research, methodological, logical, analytic, and writing skills. 4aTechnical Writing a09475/MKRI-P/XI-2008 a09476/MKRI-P/XI-2008 a15344/XII-2009 a29476/XI-2008 a15434/MKRI-P/XII-2009 a15433/MKRI-P/XII-2009 a15433/MKRI-P/XII-2009 a09475/MKRI-P/XI-2008 a09476/MKRI-P/XI-2008 a15344/XII-2009 a29476/XI-2008 a15434/MKRI-P/XII-2009 a15434/MKRI-P/XII-2009 a09475/MKRI-P/XI-2008 a09476/MKRI-P/XI-2008 a15344/XII-2009 a29476/XI-2008 a15433/MKRI-P/XII-2009 a09476/MKRI-P/XI-2008 a09475/MKRI-P/XI-2008 a15344/XII-2009 a29476/XI-2008 a15434/MKRI-P/XII-2009 a15433/MKRI-P/XII-2009